Intellectual Property Valuation, Exploitation, and Infringement Damages /

Detalles Bibliográficos
Autor principal: Parr, Russell L.
Formato: eBook
Lenguaje:inglés
Publicado: Hoboken: Wiley, 2018
Materias:
Acceso en línea:Acceso restringido

MARC

LEADER 00000nam a22000007a 4500
005 20210309223019.0
007 cr|||| ||||
008 210309s2018 us |||||s|||| 00||0 eng d
020 |a 978-1-119-35623-3 
035 |a 32446 
040 |a vLex 
090 |c 11337  |d 11337 
100 1 |a Parr, Russell L. 
245 1 0 |a Intellectual Property  |h [Recurso electrn̤ico] :  |b Valuation, Exploitation, and Infringement Damages /  |c Russell L. Parr 
256 |a Servicio en ln̕ea 
260 |a Hoboken:  |b Wiley,  |c 2018 
300 |a 1 recurso electrn̤ico 
500 |a A new edition of the trusted book on intellectual property Intellectual Property simplifies the process of attaching a dollar amount to intellectual property and intangible assets, be it for licensing, mergers and acquisitions, loan collateral, investment purposes, and determining infringement damages. Written by Russell L. Parr, an expert in the valuation/intellectual property field, this book comprehensively addresses IP Valuation, the Exploitation Strategies of Licensing and Joint Ventures, and determination of Infringement Damages. The author explains commonly used strategies for determining the value of intellectual property, as well as methods used to set royalty rates based on investment rates of returns. This book examines the business economics of strategies involving intellectual property licensing and joint ventures, provides analytical models that can be used to determine reasonable royalty rates for licensing and for determining fair equity splits in joint venture arrangements. Key concepts in this book are brought to life by presenting real-world examples of exploitation strategies being used by major corporations. Provides practical tools for and examines the business economics for determining the value intellectual property in licensing and joint venture decisions Presents analytical models for determining reasonable royalty rates for licensing and for determining fair equity splits in joint venture arrangements Provides a detailed discussion about determining intellectual property infringement damages focusing on lost profits and reasonable royalties. 
506 1 |a Disponible solo en los productos indicados  |d vLex Global  |d vLex Global (Academic Edition, excluding Law Schools)  |d vLex Global (Academic Edition, Law Schools) 
650 0 4 |a Propiedad Intelectual  |z Estados Unidos 
740 0 |a vLex Libros (Servicio en ln̕ea) 
856 4 0 |u http://vlex.com/source/intellectual-property-valuation-exploitation-and-infringement-damages-32446  |z Acceso restringido 
942 |c BOOK 
999 0 |a Intellectual property